Detroit Lions Head Coaches by Picture - Statistics

General Stats
  • This quiz has been taken 31 times
  • The average score is 6 of 28
Answer Stats
Picture Hint Answer % Correct
2021-Present Dan Campbell
100%
2018-2020 Matt Patricia
86%
2014-2017 Jim Caldwell
55%
2009-2013 Jim Schwartz
48%
1988-1996 Wayne Fontes
48%
2003-2005 Steve Mariucci
31%
1997-2000 Bobby Ross
28%
1937-1938 Earl 'Dutch' Clark
24%
1931-1936 | 1940 George 'Potsy' Clark
24%
1978-1984 Monte Clark
24%
1967-1972 Joe Schmidt
21%
2006-2008 Rod Marinelli
21%
2000 Gary Moeller
17%
2001-2002 Marty Mornhinweg
17%
2005 Dick Jauron
10%
1957-1964 George Wilson
10%
1951-1956 Buddy Parker
7%
1985-1988 Darryl Rogers
7%
1973 Don McCafferty
7%
1941-1942 Bill Edwards
3%
2020 Darrell Bevell
3%
1939 Gus Henderson
3%
1965-1966 Harry Gilmer
3%
1974-1976 Rick Forzano
3%
2020 Robert Prince
3%
1948-1950 Bo McMillin
0%
1943-1947 Gus Dorais
0%
1976-1977 Tommy Hudspeth
0%
No matching quizzes found
Score Distribution
Percent of People with Each Score
Percentile by Number Answered
Your Score History
You have not taken this quiz